| 000 | 01060nam a2200301 i 4500 | ||
|---|---|---|---|
| 001 | 000038313 | ||
| 003 | DO-SdBNP | ||
| 005 | 20230724122745.0 | ||
| 007 | ta | ||
| 008 | 130408s1937 dr r 000 0 spa d | ||
| 040 |
_aDO-SdBNP _bspa _cBNPHU _erda |
||
| 041 | _hspa | ||
| 082 | 4 |
_a366.17293 _bE79g _222 |
|
| 245 | 0 | 0 |
_aEstatutos generales : _bpara el orden simbólico de la República Dominicana. |
| 264 |
_aCiudad Trujillo, República Dominicana : _bImprenta Escobar de M. Ferrer, _c1937- |
||
| 300 |
_a111 páginas ; _c23 cm. |
||
| 336 |
_atexto _btxt _2rdaconten |
||
| 337 |
_asin mediación _bn _2rdamedia |
||
| 338 |
_avolumen _bnc _2rdacarrier |
||
| 500 | _aGran Logia Nacional para la República Dominicana. | ||
| 590 | _aInventariado, 2018/LP | ||
| 650 | 4 |
_aMasonería _xLegislación _zRepública Dominicana _937069 |
|
| 650 | 4 |
_aEstatutos de sociedades _932163 |
|
| 650 | 4 |
_aSociedades secretas _xHistoria _937070 |
|
| 650 | 4 |
_aSociedades secretas _zRepública Dominicana _937071 |
|
| 910 | _aValidado. Control de Calidad/MAA | ||
| 942 |
_2ddc _cLBS1 |
||
| 999 |
_c37803 _d37803 |
||